000 00902nam a2200193 i 4500
001 165045
003 ES-MaACL
005 20230906213045.0
008 050809s1876 fr | |||||||| ||fre d
040 _aCAM
_bspa
_cCAM
100 1 _aScribe, Eugène.
_9104966
245 1 3 _aLa Campagne
_b: ; La petite soeur ; Le mariage enfantin ; Les petites misères humaines ; L'amant bossu ; L'artiste ; Michel et Christine ; Philibert Marié /
_cEugène Scribe.
260 _aParis :
_bE. Dentu, libraire-éditeur,
_c1876 (
_fImpr. Paul Dupont)
300 _a368, [2] p. ;
_c18 cm.
490 1 _aOeuvres complètes de Eugène Scribe ;
_v17.
_aSecondième série : comedies, vaudevilles. 8
830 0 _aOeuvres complètes de Eugène Scribe ;
_v17.
_aSecondième série : comedies, vaudevilles. 8
_9222416
852 _aES-MaACL
_jC-18555
_z-- Enc. hol., conservando la cub. original
999 _c165045
_d165045